[Event "NED-ch U12 op"]
[Site "Borne"]
[Date "2013.08.09"]
[Round "11"]
[White "Verbrugge, Luc"]
[Black "Bahadoer, Meri"]
[Result "1/2-1/2"]
[WhiteElo "656"]
[BlackElo "730"]
[PlyCount "105"]
[EventDate "2013.08.05"]
[EventType "swiss"]
[EventRounds "13"]
[EventCountry "NED"]
[SourceTitle "EXT 2015"]
[Source "ChessBase"]
[SourceDate "2014.11.20"]
[SourceVersion "1"]
[SourceVersionDate "2014.11.20"]
[SourceQuality "1"]

1. e4 e5 2. Nf3 Nc6 3. Nc3 Nf6 4. Bb5 d6 5. d3 h6 6. 0-0 Bg4 7. h3 Bh5 8. Be3 Be7 9. d4 exd4 10. Qxd4 0-0 11. Bxc6 bxc6 12. e5 dxe5 13. Qxe5 Bd6 14. Qd4 Re8 15. Qc4 Bxf3 16. gxf3 Nd5 17. Nxd5 cxd5 18. Qxd5 Bh2+ 19. Kxh2 Qxd5 20. Rg1 Qe5+ 21. Kh1 Qh5 22. Rg3 Qh4 23. Rag1 Qf6 24. a4 Re7 25. Bc5 Re6 26. c3 Rae8 27. Be3 h5 28. Bg5 Qg6 29. Be3 Qf6 30. Bg5 Qe5 31. Be3 h4 32. R3g2 Qf6 33. Bg5 Qxf3 34. Bxh4 Re1 35. Rxe1 Rxe1+ 36. Kh2 Re2 37. b4 Qxc3 38. b5 Kf8 39. Bg3 c5 40. bxc6 Qxc6 41. a5 Qc1 42. Rg1 Qxg1+ 43. Kxg1 Re1+ 44. Kg2 Ra1 45. Bd6+ Kg8 46. Bc7 Rc1 47. Bd6 f6 48. Bf4 Rc5 49. Bd2 g5 50. Bb4 Rc4 51. Bd2 Rh4 52. f3 Rh5 53. Kg3 1/2-1/2